00472nam a2200193Ia 4500008004100000020002200041050001600063050001400079100002000093245002300113245004100136245001900177260001300196260001300209260000900222300001600231300001100247650002000258200601s9999 xx 000 0 und d a978-1-57731-480-6 aMAIN BL 624 b.T65 2004 aTolle, Eckhart. 4aThe Power of now : 2ba guide to spiritual enlightenment / 0cEckhart Tolle. aCanada : bNamaste, c1999 a236 pages : c22 cm. aSpiritual life.